| 000 | 01085cam a2200289 a 4500 | ||
|---|---|---|---|
| 999 |
_c6084 _d6084 |
||
| 001 | 536771 | ||
| 003 | OSt | ||
| 005 | 20260205143751.0 | ||
| 008 | 181213s2018 pau d 000 1 eng d | ||
| 020 |
_a9781683690436 _q(pbk.) |
||
| 040 |
_aLQM _beng _cLQM _dTMUE _eaacr |
||
| 042 | _anbic | ||
| 082 | _aFIC POS | ||
| 100 | 1 |
_aPoston, Ashley, _eauthor. |
|
| 245 | 1 | 0 |
_aGeekerella : _ba novel / _cby Ashley Poston. |
| 250 | _a1st pbk. ed. | ||
| 260 |
_aPhiladelphia : _bQuirk Books, _c2018. |
||
| 300 |
_a335 p. ; _c21 cm. |
||
| 500 | _a"Originally published by Quirk Books in 2017. First paperback edition, Quirk Books, 2018."--Title page verso. | ||
| 520 | _aGeek girl Elle hopes to go to ExcelsiCon Cosplay to meet the actor (closet nerd Darien) scheduled to play Federation Prince Carmindor in a reboot of the movie Starfield. | ||
| 521 | _aAges 14 and up. | ||
| 650 | 0 |
_aFans (Persons) _vJuvenile fiction. |
|
| 650 | 0 |
_aContests _vJuvenile fiction. |
|
| 650 | 0 |
_aBalls (Parties) _vJuvenile fiction. |
|
| 650 | 0 |
_aScience fiction films _vJuvenile fiction. |
|
| 942 |
_2ddc _cFIC |
||